1857 a great rebellion / (Record no. 13199)

MARC details
000 -LEADER
fixed length control field 00925nam a22002417a 4500
005 - DATE AND TIME OF LATEST TRANSACTION
control field 20080603112422.0
008 - FIXED-LENGTH DATA ELEMENTS--GENERAL INFORMATION
fixed length control field 080603t xxu||||| |||| 00| 0 eng d
010 ## - LIBRARY OF CONGRESS CONTROL NUMBER
LC control number ENG-90267
020 ## - INTERNATIONAL STANDARD BOOK NUMBER
International Standard Book Number 8186208496
Terms of availability 500.00
035 ## - SYSTEM CONTROL NUMBER
System control number EN-73800
037 ## - SOURCE OF ACQUISITION
Source of stock number/acquisition DBAD / PUB
040 ## - CATALOGING SOURCE
Original cataloging agency DPL
Language of cataloging EN
082 ## - DEWEY DECIMAL CLASSIFICATION NUMBER
Classification number 954.083
100 ## - MAIN ENTRY--PERSONAL NAME
Personal name Raj Kumar
245 ## - TITLE STATEMENT
Title 1857 a great rebellion /
Statement of responsibility, etc by Raj Kumar
246 ## - VARYING FORM OF TITLE
Title proper/short title (One thousand eight hundred & fifty seven) a great rebellion /
260 ## - PUBLICATION, DISTRIBUTION, ETC. (IMPRINT)
Place of publication, distribution, etc New Delhi
Name of publisher, distributor, etc Raj Publications
Date of publication, distribution, etc 2007
270 ## - ADDRESS
Address 108, 4855/24, Ansari Raod, Darya Ganj
City New Delhi
Postal code 110002
Telephone number 30120939
300 ## - PHYSICAL DESCRIPTION
Extent 271p.:
Other physical details ill.
Dimensions 22 cm (Hb)
500 ## - GENERAL NOTE
General note Includes bibliographical references
942 ## - ADDED ENTRY ELEMENTS (KOHA)
Source of classification or shelving scheme Dewey Decimal Classification
Koha item type English Books
Classification part 954.083
Call number suffix RAJ
Holdings
Withdrawn status Lost status Damaged status Not for loan Collection code Home library Current library Date acquired Source of acquisition Cost, normal purchase price Total Checkouts Full call number Barcode Date last seen Copy number Cost, replacement price Price effective from Koha item type
      Not For Loan Non-fiction D.B.Act.Division D.B.Act.Division 03/06/2008 DBAD / PUB 500.00   954.083 RAJ EN-73800 15/09/2008 1 500.00 15/09/2008 English Books

© Delhi Public Library
Hit Counter
free hit counter